000 00811nam a2200265 i 4500
003 DO-SdBNP
005 20260430133313.0
007 ta
008 260430b2013 dr ||||| |||| 00| 0 spa d
020 _a9789945853896
040 _aDO-SdBNP
_bspa
_cBNPHU
_erda
041 _aspa
082 4 _axxx
_bxxx
_222
100 _aPérez García, Marcos R.,
_eautor
_4aut.
_989439
245 1 0 _aTres leyes tras un objetivo :
_bla cristificación del hombre /
_cMarcos R. Pérez García
246 _a3 leyes tras un objetivo
264 _aSanto Domingo :
_bEditora Tele-3
_c2013.
300 _a152 páginas ;
_c21 cm.
336 _atexto
_btxt
_2rdacontent
337 _asin mediación
_bn
_2rdamedia
338 _avolumen
_bnc
_2rdacarrier
590 _aInventariado, 2026/BT
910 _aBtavárez
942 _2ddc
_cLBS1
999 _c60643
_d60643